Crisis en la conciencia cristiana
Zapisane w:
| 1. autor: | |
|---|---|
| Format: | Książka |
| Język: | hiszpański |
| Wydane: |
Madrid
Guadarrama
1969
|
| Seria: | Universitaria de Bolsillo. Punto Omega, 73
|
| Hasła przedmiotowe: | |
| Etykiety: |
Dodaj etykietę
Nie ma etykietki, Dołącz pierwszą etykiete!
|
MARC
| LEADER | 00000nam a2200000 a 4500 | ||
|---|---|---|---|
| 001 | UCR2139 | ||
| 003 | CL-VaPUC | ||
| 008 | 980109e19690000SP |||||||||||||||||spa|d | ||
| 082 | 0 | 4 | |a 234.2 |b CAS |2 21 |
| 100 | 0 | |a Castro Cubells, Carlos |e author |9 399861 | |
| 245 | 1 | 0 | |a Crisis en la conciencia cristiana |
| 300 | |a 201 p | ||
| 942 | |c BK | ||
| 945 | |d 19980109 00:00:00 |a jquezada | ||
| 260 | |a Madrid |b Guadarrama |c 1969 | ||
| 650 | 7 | |a GRACIA |2 CL-VaPUC |9 315234 | |
| 650 | 0 | |a Salvación |9 315007 | |
| 650 | 0 | |a Cristianismo |9 257361 | |
| 650 | 0 | |a Fe |9 308036 | |
| 650 | 7 | |a MINISTERIO |2 CL-VaPUC |9 399862 | |
| 650 | 0 | |a Conciencia |9 309452 | |
| 583 | |a last modification |c 19980109 00:00:00 |k Rodrigo Vera | ||
| 490 | 0 | |a Universitaria de Bolsillo. Punto Omega, 73 | |
| 999 | |c 265404 |d 265402 | ||
| 952 | |0 0 |1 2 |4 0 |6 234_200000000000000_CAS_1969 |7 0 |8 A |9 296313 |a BIBTEO |b BIBTEO |d 2019-11-20 |i 3386635 |o 234.2 CAS 1969 |p 3386635 |r 2019-11-20 |w 2019-11-20 |x Descarte 2019 |y BK |k ICR | ||